Κατάλογος Βιβλιοθηκών Mediterranean College

Modern Corporate Finance / A Multidisciplinary Approach to Value Creation (Record no. 3691)

MARC details
000 -LEADER
fixed length control field 01231cam a22002054a 4500
005 - ΗΜΕΡΟΜΗΝΙΑ ΚΑΙ ΩΡΑ ΤΕΛΕΥΤΑΙΑΣ ΕΝΗΜΕΡΩΣΗΣ
Πεδίο ελέγχου 20250605164122.0
008 - FIXED-LENGTH DATA ELEMENTS--GENERAL INFORMATION
Πεδίο ελέγχου σταθερού μήκους 250528s ||||||||||||||||||||||||d
035 ## - SYSTEM CONTROL NUMBER
System control number 18328
020 ## - ISBN
ISBN 130800988
040 ## - ΠΗΓΗ ΚΑΤΑΛΟΓΟΓΡΑΦΗΣΗΣ
Φορέας πρωτότυπης καταλογογράφησης MC Athens Campus Library
Γλώσσα καταλογογράφησης Ελληνικά, Μοντέρνα (1453-)
Modifying agency MC Athens Campus Library
Κανόνες περιγραφικής καταλογογράφησης AACR2
245 1# - ΤΙΤΛΟΣ ΚΑΙ ΔΗΛΩΣΗ ΥΠΕΥΘΥΝΟΤΗΤΑΣ
Τίτλος Modern Corporate Finance / A Multidisciplinary Approach to Value Creation
260 ## - PUBLICATION, DISTRIBUTION, ETC.
Name of publisher, distributor, etc. Prentice Hall,
Date of publication, distribution, etc. 2000
300 ## - PHYSICAL DESCRIPTION
Extent 580
520 ## - SUMMARY, ETC.
Summary, etc. This book identifies the discipline that the external financial market imposes on the financial affairs of the firm. Preface, Introduction, Evaluating a Firm's Financial Condition, Financial Planning and Funds Forecasting, Foundations of Valuation: Time Value of Money, Bonds and Stock Valuation, Risk and Return, Options and Corporate Finance, Evaluation of Investment Projects, The Art and Science of Estimating Project Cash Flows, Establishing Required Rates of Return, Creating Value for Shareholders, Global Financial Markets and Long-Term Corporate Financing, How Companies Raise Long-Term Capital, Establishing a Target Capital Structure, Dividend Policy, Appendices, Glossary, Index.
700 1# - ΠΡΟΣΘΕΤΗ ΑΝΑΓΡΑΦΗ--ΦΥΣΙΚΟ ΠΡΟΣΩΠΟ
Personal name Balbirer Sheldon D.
9 (RLIN) 4601
700 1# - ΠΡΟΣΘΕΤΗ ΑΝΑΓΡΑΦΗ--ΦΥΣΙΚΟ ΠΡΟΣΩΠΟ
Personal name Shapiro Alan C
9 (RLIN) 1225
942 ## - ADDED ENTRY ELEMENTS (KOHA)
Koha item type Books
Holdings
Τύπος τεκμηρίου Βιβλιοθήκη Τρέχουσα τοποθεσία Barcode Αριθμός εισαγωγής Ημερομηνία απόκτησης Ταξιθετικό σύμβολο Αριθμός αντιτύπου Κατάσταση απόσυρσης Κατάσταση χαμένου Κατάσταση κατεστραμμένου Μη δανεισμός Σύνολο δανεισμών Ημερομηνία τελευταίας εμφάνισης Η τιμή ισχύει από
Books MC Athens Campus Library MC Athens Campus Library 9780000036902 2941 05/06/2025 658.15 SHA 1           05/06/2025 05/06/2025

MC Athens Campus Library
Πατησίων 94 & Κοδριγκτώνος 13, 104 34
Πελλήνης 8 & Πατησίων 107, 112 51
Τ: +30 210 8899600

MC Thessaloniki Campus Library
Ίωνος Δραγούμη 21, 54625 | Ίωνος Δραγούμη 15, 54625
Τ: +30 2310 287779 – Τ: +30 2314 440300